POLICY FORMULATION AND ADMINISTRATION (Record no. 568775)
[ view plain ]
| 000 -LEADER | |
|---|---|
| fixed length control field | 00313nam a22001217a 4500 |
| 082 ## - DEWEY DECIMAL CLASSIFICATION NUMBER | |
| Classification number | 658 SMI'P |
| 100 ## - MAIN ENTRY--PERSONAL NAME | |
| Personal name | CHRISTENSON, C. ROLAND,SMITH, GEORGE ALBERT |
| 9 (RLIN) | 58616 |
| 245 ## - TITLE STATEMENT | |
| Title | POLICY FORMULATION AND ADMINISTRATION |
| 250 ## - EDITION STATEMENT | |
| Edition statement | 3RD |
| 260 ## - PUBLICATION, DISTRIBUTION, ETC. | |
| Place of publication, distribution, etc. | ILLINOIS |
| Name of publisher, distributor, etc. | RICHARD D. IRWIN |
| Date of publication, distribution, etc. | 1959 |
| 300 ## - PHYSICAL DESCRIPTION | |
| Extent | 835P |
| 942 ## - ADDED ENTRY ELEMENTS (KOHA) | |
| Koha item type | Book |
| Withdrawn status | Lost status | Damaged status | Not for loan | Permanent Location | Current Location | Shelving location | Date acquired | Total Checkouts | Full call number | Barcode | Date last seen | Price effective from | Koha item type |
|---|---|---|---|---|---|---|---|---|---|---|---|---|---|
| College of Electrical & Mechanical Engineering (CEME) | College of Electrical & Mechanical Engineering (CEME) | General Stacks | 07/17/2017 | 658 SMI'P | CEME-2983 | 06/28/2021 | 06/28/2021 | Book |
